| 000 | 00494 a2200181 4500 | ||
|---|---|---|---|
| 003 | OSt | ||
| 005 | 20231207105704.0 | ||
| 008 | 231207b |||||||| |||| 00| 0 eng d | ||
| 020 | _a9788122612547 | ||
| 040 | _coclc | ||
| 082 |
_a894.8123 _bJOS/O |
||
| 100 |
_a Joseph, Sarah _95650 |
||
| 245 |
_aOthappu/ _cSarah Joseph |
||
| 250 | _a13th ed. | ||
| 260 |
_aThrissur: _bCurrent Books, _c2022. |
||
| 300 | _a232p. | ||
| 942 |
_2ddc _cBK _h894.8123 _iJOS/O _k894.8123 _mJOS/O |
||
| 999 |
_c44025 _d44025 |
||